[Event "EU-ch Blitz"]
[Site "Katowice"]
[Date "2022.12.16"]
[Round "3"]
[White "Bettazzi, Daniele"]
[Black "Ondozi, Murtez"]
[Result "1/2-1/2"]
[WhiteElo "2003"]
[BlackElo "2406"]
[PlyCount "80"]
[EventDate "2022.12.16"]
[EventType "swiss (blitz)"]
[EventRounds "22"]
[EventCountry "POL"]
[SourceTitle "CBM 211 Extra"]
[Source "ChessBase"]
[SourceDate "2023.01.31"]
[SourceVersion "1"]
[SourceVersionDate "2023.01.31"]
[SourceQuality "1"]

1. b3 Nf6 2. Bb2 e6 3. e3 d5 4. Nf3 c5 5. Bb5+ Nbd7 6. 0-0 Be7 7. d4 0-0 8. Nbd2 a6 9. Be2 b5 10. c4 bxc4 11. bxc4 Rb8 12. Nb3 cxd4 13. Nfxd4 Bb7 14. cxd5 Nxd5 15. Rc1 Qb6 16. Qd2 Rbc8 17. Qa5 Bb4 18. Qxb6 N7xb6 19. Rxc8 Rxc8 20. Rc1 Rxc1+ 21. Nxc1 Na4 22. Ba1 Ndc3 23. Bc4 Ba3 24. Nce2 Ne4 25. Bb3 Nac5 26. f3 Nxb3 27. axb3 Nd6 28. Nc3 Bc5 29. Na4 Ba7 30. Kf2 h6 31. Bb2 Bd5 32. Ba3 Nb7 33. b4 f6 34. Nc3 Bc4 35. Ne4 Kf7 36. Nc5 Nd6 37. Nc6 Bb6 38. Nb8 a5 39. bxa5 Bxa5 40. e4 Nb5 1/2-1/2

[Event "Pescia op-A 5th"]
[Site "Pescia"]
[Date "2013.10.12"]
[Round "3"]
[White "Bettazzi, Daniele"]
[Black "Menchetti, Carlo"]
[Result "1/2-1/2"]
[WhiteElo "1824"]
[BlackElo "1907"]
[PlyCount "74"]
[EventDate "2013.10.11"]
[EventType "swiss"]
[EventRounds "5"]
[EventCountry "ITA"]
[SourceTitle "EXT 2015"]
[Source "ChessBase"]
[SourceDate "2014.11.20"]
[SourceVersion "1"]
[SourceVersionDate "2014.11.20"]
[SourceQuality "1"]

1. e4 c5 2. c3 d5 3. exd5 Qxd5 4. Nf3 e6 5. d4 Nf6 6. Be3 cxd4 7. Qxd4 Nc6 8. Qxd5 Nxd5 9. Bb5 Bd7 10. Nd4 Be7 11. Nd2 0-0 12. Bxc6 bxc6 13. Nc4 Nxe3 14. Nxe3 c5 15. Nf3 f6 16. Nd2 Bc6 17. f3 Rfd8 18. 0-0-0 Rd7 19. Ndc4 Rad8 20. Na5 Ba8 21. Rxd7 Rxd7 22. Rd1 Rxd1+ 23. Nxd1 Bd6 24. h3 g5 25. Kc2 h5 26. Ne3 Kf7 27. Kd3 f5 28. Nb3 Bb7 29. Na5 Ba6+ 30. c4 f4 31. Nd1 Bc7 32. Nb3 Bd6 33. Nc3 Bb7 34. Na4 g4 35. hxg4 hxg4 36. Ke2 Ba6 37. Kd3 Bb7 1/2-1/2